Catalog

Record Details

Catalog Search



Design Computing and Cognition ’10 Cover Image E-book E-book

Design Computing and Cognition ’10

Gero, John S. (Author). SpringerLink (Online service) (Added Author).

Record details

  • ISBN: 9789400705104
  • Physical Description: electronic
    electronic resource
    access
    remote
    XVI, 744p. 338 illus. digital.
  • Publisher: Dordrecht : Springer Netherlands, 2011.
Subject: Engineering
Computer aided design
Design and construction
Engineering design
Engineering
Engineering Design
Computer-Aided Engineering (CAD, CAE) and Design
Design, general

Electronic resources


LDR 01187nam a22003615i 4500
0016291
003CONS
00520121025221607.0
007cr nn 008mamaa
008110222s2011 ne | s |||| 0|eng d
020 . ‡a9789400705104 ‡9978-94-007-0510-4
0247 . ‡a10.1007/978-94-007-0510-4 ‡2doi
035 . ‡a(DE-He213)978-94-007-0510-4
050 4. ‡aTA174
072 7. ‡aTBD ‡2bicssc
072 7. ‡aTEC016020 ‡2bisacsh
072 7. ‡aTEC016000 ‡2bisacsh
1001 . ‡aGero, John S.
24510. ‡aDesign Computing and Cognition ’10 ‡h[electronic resource] / ‡cedited by John S. Gero.
260 . ‡aDordrecht : ‡bSpringer Netherlands, ‡c2011.
300 . ‡aXVI, 744p. 338 illus. ‡bdigital.
650 0. ‡aEngineering.
650 0. ‡aComputer aided design.
650 0. ‡aDesign and construction.
650 0. ‡aEngineering design.
65014. ‡aEngineering.
65024. ‡aEngineering Design.
65024. ‡aComputer-Aided Engineering (CAD, CAE) and Design.
65024. ‡aDesign, general.
7102 . ‡aSpringerLink (Online service)
7730 . ‡tSpringer eBooks
77608. ‡iPrinted edition: ‡z9789400705098
85640. ‡uhttp://dx.doi.org/10.1007/978-94-007-0510-4 ‡9CONS
950 . ‡aEngineering (Springer-11647)
901 . ‡a6291 ‡b ‡c6291 ‡tbiblio ‡sSystem Local

Additional Resources